Grammaire des langues romanes / (Registro nro. 48781)

Detalles MARC
000 -LEADER
campo de control de longitud fija 00798nam a2200241 i 4500
001 - NÚMERO DE CONTROL
campo de control 48781
003 - IDENTIFICADOR DE NÚMERO DE CONTROL
campo de control ES-MaACL
005 - FECHA Y HORA DE LA ÚLTIMA TRANSACCIÓN
campo de control 20250905135257.0
007 - CAMPO FIJO DE DESCRIPCIÓN FÍSICA--INFORMACIÓN GENERAL
campo de control de longitud fija t|
008 - DATOS DE LONGITUD FIJA--INFORMACIÓN GENERAL
campo de control de longitud fija 950731s1874 fr ||||1| fre d
040 ## - FUENTE DE CATALOGACIÓN
Centro catalogador/agencia de origen CAM
Lengua de catalogación spa
Centro/agencia transcriptor CAM
100 1# - ENTRADA PRINCIPAL--NOMBRE DE PERSONA
Nombre de persona Diez, Friedrich Christian,
Fechas asociadas al nombre 1794-1876
9 (RLIN) 44646
245 10 - MENCIÓN DEL TÍTULO
Título Grammaire des langues romanes /
Mención de responsabilidad, etc. par Frédéric Diez ; traduit par Auguste Brachet, Gaston Paris et Alfred Morel-Fatio.
250 ## - MENCION DE EDICION
Mención de edición 3e éd.
260 ## - PUBLICACIÓN, DISTRIBUCIÓN, ETC.
Lugar de publicación, distribución, etc. Paris :
Nombre del editor, distribuidor, etc. Librairie A. Franck,
Fecha de publicación, distribución, etc. 1874.
300 ## - DESCRIPCIÓN FÍSICA
Extensión 3 v. ;
Dimensiones 24 cm.
650 14 - PUNTO DE ACCESO ADICIONAL DE MATERIA--TÉRMINO DE MATERIA
Término de materia o nombre geográfico como elemento de entrada Lenguas románicas-
Subdivisión general Gramática.
9 (RLIN) 14368
700 1# - ENTRADA AGREGADA--NOMBRE PERSONAL
Nombre de persona Brachet, Auguste.
9 (RLIN) 31235
700 1# - ENTRADA AGREGADA--NOMBRE PERSONAL
Nombre de persona Paris, Gaston,
Fechas asociadas al nombre 1839-1903
9 (RLIN) 89136
700 1# - ENTRADA AGREGADA--NOMBRE PERSONAL
Nombre de persona Morel-Fatio, Alfred.
9 (RLIN) 83243
852 ## - LOCALIZACIÓN
Ubicación ES-MaACL
Número de control de estantería D-527-29
Existencias
Estatus retirado Estado de pérdida Estado de daño No para préstamo Colección Biblioteca de origen Biblioteca actual Ubicación en estantería Fecha de adquisición Fuente de adquisición Total de préstamos Signatura topográfica completa Código de barras Visto por última vez Precio de reemplazo Tipo de ítem Koha
        Libros del s. XIX Biblioteca del Ateneo de Madrid Biblioteca del Ateneo de Madrid Sala Valle Inclán 17/01/2008     D-527-29 901051335 23/02/2023 23/02/2023 Libro impreso antiguo